Copyright for library and information service professionals

Αποθηκεύτηκε σε:
Λεπτομέρειες βιβλιογραφικής εγγραφής
Κύριος συγγραφέας: Pedley, Paul
Μορφή: Βιβλίο
Γλώσσα:English
Δημοσίευση: London : Aslib, c2000
Έκδοση:2nd ed.
Σειρά:Aslib know how series
Θέματα:
Ετικέτες: Προσθήκη ετικέτας
Δεν υπάρχουν, Καταχωρήστε ετικέτα πρώτοι!

MARC

LEADER 00000nam a2200000 i 4500
001 1/50939
008 040312s2000 eng d
020 |a 0-85142-432-5 
035 |l 10072667 
040 |a GR-MY-UA  |b gre  |e aacr 
041 0 |a eng 
082 0 |a 349.41  |2 (21) 
100 1 |a Pedley, Paul. 
245 1 0 |a Copyright for library and information service professionals /  |c Paul Pedley 
250 |a 2nd ed. 
260 |a London :   |b Aslib,   |c c2000 
300 |a xi, 124 σ.;  |c 20 εκ. 
490 1 |a Aslib know how guides 
504 |a Περιλαμβάνει βιβλιογραφίες 
650 0 0 |a Copyright  |z Great Britain. 
650 0 0 |a Librarians  |z Great Britain  |x Handbooks, manuals, etc. 
830 0 |a Aslib know how series 
852 |a INST  |b SYROS  |e 20040312  |h 349.41 PED  |p 005500003026  |q 005500003026  |t BK  |y 0 
901 |a BIBL5-2004-1 
909 |a Ε  |b 108167 
922 |a 5ΕΛΗ  |b 200307  |c ΒΙΒΛΙΟΘΗΚΗ ΣΥΡΟΥ  |d ΠΑΠΑΣΩΤΗΡΙΟΥ 
950 |a 188-2003-07-04 
970 |a ΒΟΙΚΟΥ  |b ΧΡΥΣΑΝΘΗ  |z 2004/04/02